[Event "World Chess Olympiad 2018"]
[Site "Batumi"]
[Date "2018.10.04"]
[Round "10"]
[Board "3"]
[WhiteFideId "14800276"]
[White "Chunguane Ilidio Alberto"]
[BlackFideId "6400124"]
[Black "Dominguez Jose Manuel"]
[Result "1-0"]
[LiveChessVersion "1.4.8"]
[BlackElo "2283"]
[WhiteElo "2054"]

1. d4 {[%clk 1:30:47]} Nf6 {[%clk 1:30:58]} 2. Nf3 {[%clk 1:30:16]} d6
{[%clk 1:31:26]} 3. Bf4 {[%clk 1:29:41]} c6 {[%clk 1:30:54]} 4. c3
{[%clk 1:29:46]} Nbd7 {[%clk 1:28:13]} 5. h3 {[%clk 1:27:46]} g6 {[%clk 1:28:25]}
6. e3 {[%clk 1:28:11]} Bg7 {[%clk 1:28:51]} 7. Be2 {[%clk 1:28:17]} O-O
{[%clk 1:29:17]} 8. O-O {[%clk 1:26:51]} Re8 {[%clk 1:26:29]} 9. c4
{[%clk 1:25:45]} Qb6 {[%clk 1:26:29]} 10. Qc2 {[%clk 1:20:45]} a5
{[%clk 1:17:56]} 11. Nc3 {[%clk 1:20:00]} Qa7 {[%clk 1:11:34]} 12. Bh2
{[%clk 1:12:50]} a4 {[%clk 1:11:43]} 13. Bd1 {[%clk 1:11:11]} a3 {[%clk 0:57:09]}
14. b4 {[%clk 1:09:27]} Nb6 {[%clk 0:47:07]} 15. Be2 {[%clk 1:02:56]} Bf5
{[%clk 0:29:23]} 16. Qb3 {[%clk 0:53:34]} h6 {[%clk 0:25:05]} 17. c5
{[%clk 0:51:14]} Nbd5 {[%clk 0:08:40]} 18. Nxd5 {[%clk 0:48:59]} Nxd5
{[%clk 0:09:00]} 19. cxd6 {[%clk 0:48:16]} Qa4 {[%clk 0:08:51]} 20. Qxa4
{[%clk 0:38:34]} Rxa4 {[%clk 0:09:19]} 21. dxe7 {[%clk 0:38:11]} Nxb4
{[%clk 0:07:29]} 22. Bd1 {[%clk 0:34:02]} Ra7 {[%clk 0:07:01]} 23. Bb3
{[%clk 0:34:16]} Bf6 {[%clk 0:06:44]} 24. Ne5 {[%clk 0:31:15]} Nd5
{[%clk 0:04:17]} 25. g4 {[%clk 0:30:41]} Be6 {[%clk 0:03:46]} 26. Nxg6
{[%clk 0:21:30]} fxg6 {[%clk 0:04:03]} 27. e4 {[%clk 0:21:57]} Rxe7
{[%clk 0:00:48]} 28. exd5 {[%clk 0:21:29]} Bxd5 {[%clk 0:01:16]} 29. Bxd5+
{[%clk 0:19:33]} cxd5 {[%clk 0:01:43]} 30. Bd6 {[%clk 0:19:06]} Re2
{[%clk 0:02:08]} 31. Bc5 {[%clk 0:19:11]} Ra5 {[%clk 0:02:22]} 32. Rfe1
{[%clk 0:16:26]} Rd2 {[%clk 0:01:15]} 33. Bb4 {[%clk 0:12:33]} Rxd4
{[%clk 0:01:35]} 34. Bxa5 {[%clk 0:11:20]} Ra4 {[%clk 0:02:04]} 35. Bd2
{[%clk 0:10:28]} Bxa1 36. Rxa1 {[%clk 0:10:57]} h5 {[%clk 0:01:35]} 37. gxh5
{[%clk 0:08:25]} gxh5 {[%clk 0:02:03]} 38. Rb1 {[%clk 0:08:38]} Rd4
{[%clk 0:02:22]} 39. Be3 {[%clk 0:06:27]} Rc4 {[%clk 0:02:33]} 40. Rb3
{[%clk 0:35:02]} d4 {[%clk 0:32:54]} 41. Bg5 {[%clk 0:33:43]} Kf7
{[%clk 0:32:32]} 42. Rxa3 {[%clk 0:30:06]} Kg6 {[%clk 0:25:23]} 43. h4
{[%clk 0:29:37]} Kf5 {[%clk 0:25:27]} 44. f3 {[%clk 0:28:50]} Rc2
{[%clk 0:24:28]} 45. Kf1 {[%clk 0:25:00]} Ke5 {[%clk 0:22:08]} 46. Ra5+
{[%clk 0:24:38]} Ke6 {[%clk 0:22:35]} 47. f4 {[%clk 0:23:01]} b6 {[%clk 0:22:35]}
48. f5+ {[%clk 0:23:00]} Kd6 {[%clk 0:22:30]} 49. Ra6 {[%clk 0:23:09]} Kc6
{[%clk 0:17:40]} 50. f6 {[%clk 0:21:16]} Rc5 {[%clk 0:17:37]} 51. Ke2
{[%clk 0:19:54]} Rf5 {[%clk 0:17:03]} 52. Ra3 {[%clk 0:19:31]} Re5+
{[%clk 0:16:53]} 53. Kd2 {[%clk 0:17:40]} Rf5 {[%clk 0:17:17]} 54. Ra7
{[%clk 0:17:18]} Kd5 {[%clk 0:17:22]} 55. f7 {[%clk 0:15:15]} Ke6
{[%clk 0:17:50]} 56. Bh6 {[%clk 0:15:05]} Rf2+ {[%clk 0:15:59]} 57. Ke1
{[%clk 0:13:50]} Rxf7 {[%clk 0:16:25]} 58. Rxf7 {[%clk 0:14:13]} Kxf7
{[%clk 0:16:41]} 59. Ke2 {[%clk 0:14:19]} Kg6 {[%clk 0:17:07]} 60. Bg5
{[%clk 0:14:07]} Kf5 {[%clk 0:17:33]} 61. Kd3 {[%clk 0:14:33]} Ke5
{[%clk 0:17:52]} 62. Bd8 {[%clk 0:13:46]} b5 {[%clk 0:18:20]} 63. Bb6
{[%clk 0:14:06]} Kf4 {[%clk 0:18:37]} 64. Kxd4 {[%clk 0:13:51]} Kg4
{[%clk 0:19:04]} 65. Bd8 {[%clk 0:14:18]} Kf5 {[%clk 0:19:03]} 66. Kc5
{[%clk 0:14:24]} Ke6 {[%clk 0:19:32]} 67. Kxb5 {[%clk 0:14:37]} Kd7
{[%clk 0:20:01]} 68. Bb6 {[%clk 0:14:18]} Kc8 {[%clk 0:20:30]} 69. a4
{[%clk 0:14:35]} Kb8 {[%clk 0:20:58]} 70. a5 {[%clk 0:14:56]} Ka8
{[%clk 0:21:26]} 71. a6 {[%clk 0:15:16]} Kb8 {[%clk 0:21:53]} 72. Kc5
{[%clk 0:14:38]} Kc8 {[%clk 0:22:16]} 73. Kd5 {[%clk 0:15:04]} Kb8
{[%clk 0:22:21]} 74. Ke5 {[%clk 0:15:05]} Kc8 {[%clk 0:22:47]} 75. Kf5
{[%clk 0:15:27]} Kb8 {[%clk 0:22:58]} 76. Kg5 {[%clk 0:15:46]} Kc8
{[%clk 0:23:27]} 77. Kxh5 {[%clk 0:16:03]} 1-0

[Event "World Chess Olympiad 2018"]
[Site "Batumi"]
[Date "2018.10.04"]
[Round "10"]
[Board "4"]
[WhiteFideId "6405096"]
[White "Guzman Christopher"]
[BlackFideId "14800500"]
[Black "Gafar Izdine"]
[Result "1-0"]
[LiveChessVersion "1.4.8"]
[BlackElo "1984"]
[WhiteElo "2283"]

1. e4 {[%clk 1:29:53]} e5 {[%clk 1:30:49]} 2. Nf3 {[%clk 1:30:18]} Nc6
{[%clk 1:30:30]} 3. Bb5 {[%clk 1:30:45]} Nf6 {[%clk 1:29:52]} 4. d3
{[%clk 1:31:09]} d6 {[%clk 1:28:28]} 5. O-O {[%clk 1:31:06]} Be7 {[%clk 1:28:52]}
6. c3 {[%clk 1:31:31]} O-O {[%clk 1:28:39]} 7. Re1 {[%clk 1:31:43]} Bg4
{[%clk 1:28:32]} 8. Nbd2 {[%clk 1:31:44]} Qd7 {[%clk 1:25:09]} 9. h3
{[%clk 1:29:26]} Bxf3 {[%clk 1:25:18]} 10. Nxf3 {[%clk 1:29:05]} a6
{[%clk 1:25:26]} 11. Ba4 {[%clk 1:29:28]} b5 {[%clk 1:25:39]} 12. Bc2
{[%clk 1:29:48]} h6 {[%clk 1:08:20]} 13. d4 {[%clk 1:25:03]} Rad8
{[%clk 1:07:57]} 14. a4 {[%clk 1:25:13]} exd4 {[%clk 1:06:17]} 15. Nxd4
{[%clk 1:19:13]} Nxd4 {[%clk 1:05:06]} 16. Qxd4 {[%clk 1:15:26]} c5
{[%clk 1:03:30]} 17. Qd3 {[%clk 1:15:20]} Qe6 {[%clk 0:58:54]} 18. Qg3
{[%clk 1:14:54]} b4 {[%clk 0:52:42]} 19. f4 {[%clk 1:14:48]} Nh5 {[%clk 0:46:41]}
20. Qf3 {[%clk 1:11:22]} Bh4 {[%clk 0:44:30]} 21. Rd1 {[%clk 1:10:02]} Ng3
{[%clk 0:33:59]} 22. cxb4 {[%clk 1:04:08]} cxb4 {[%clk 0:24:59]} 23. f5
{[%clk 1:04:08]} Qe5 {[%clk 0:25:00]} 24. Be3 {[%clk 1:04:11]} Qxb2
{[%clk 0:13:41]} 25. Bd3 {[%clk 1:04:34]} Qe5 {[%clk 0:12:42]} 26. Bf4
{[%clk 1:03:56]} Qd4+ {[%clk 0:11:37]} 27. Kh2 {[%clk 1:03:47]} Nxf5
{[%clk 0:08:34]} 28. exf5 {[%clk 1:01:26]} a5 {[%clk 0:07:59]} 29. Bb5
{[%clk 1:01:19]} Qf6 {[%clk 0:07:35]} 30. Qd5 {[%clk 1:01:46]} Bg5
{[%clk 0:07:16]} 31. Bxg5 {[%clk 1:01:35]} Qxg5 {[%clk 0:07:35]} 32. Rac1
{[%clk 1:00:49]} Rc8 {[%clk 0:06:13]} 33. Bc6 {[%clk 1:00:45]} Rfd8
{[%clk 0:05:31]} 34. Qxa5 {[%clk 0:57:09]} b3 {[%clk 0:05:55]} 35. Qb4
{[%clk 0:57:12]} Qe3 {[%clk 0:05:31]} 36. Qe4 {[%clk 0:53:29]} Qb6
{[%clk 0:03:43]} 37. Bb5 {[%clk 0:53:35]} Rxc1 {[%clk 0:03:08]} 38. Rxc1
{[%clk 0:54:03]} d5 {[%clk 0:03:17]} 39. Qd3 {[%clk 0:53:06]} Qf2
{[%clk 0:03:17]} 40. Rf1 1-0

[Event "World Chess Olympiad 2018"]
[Site "Batumi"]
[Date "2018.10.04"]
[Round "10"]
[Board "1"]
[WhiteFideId "9000283"]
[White "Onkoud Abdelaziz"]
[BlackFideId "11700599"]
[Black "Farazi Khaiber"]
[Result "1-0"]
[LiveChessVersion "1.4.8"]
[BlackElo "2064"]
[WhiteElo "2315"]

1. Nf3 {[%clk 1:30:56]} Nf6 {[%clk 1:30:54]} 2. c4 {[%clk 1:31:21]} g6
{[%clk 1:31:16]} 3. b4 {[%clk 1:31:46]} Bg7 {[%clk 1:31:20]} 4. Bb2
{[%clk 1:32:14]} O-O {[%clk 1:31:24]} 5. g3 {[%clk 1:32:28]} d6 {[%clk 1:30:59]}
6. Bg2 {[%clk 1:32:51]} e5 {[%clk 1:28:13]} 7. d3 {[%clk 1:33:01]} Re8
{[%clk 1:23:00]} 8. Nbd2 {[%clk 1:31:07]} c6 {[%clk 1:17:30]} 9. O-O
{[%clk 1:31:02]} Na6 {[%clk 1:17:29]} 10. a3 {[%clk 1:31:01]} Nc7
{[%clk 1:16:20]} 11. Qc2 {[%clk 1:30:24]} Ne6 {[%clk 1:12:34]} 12. e3
{[%clk 1:24:11]} b6 {[%clk 1:08:29]} 13. c5 {[%clk 1:17:13]} dxc5
{[%clk 0:56:48]} 14. Nxe5 {[%clk 1:16:26]} Bb7 {[%clk 0:55:17]} 15. b5
{[%clk 1:13:34]} Nd5 {[%clk 0:48:35]} 16. Nxc6 {[%clk 1:11:14]} Bxc6
{[%clk 0:46:03]} 17. bxc6 {[%clk 1:10:28]} Rc8 {[%clk 0:43:00]} 18. Bxg7
{[%clk 1:10:47]} Kxg7 {[%clk 0:41:29]} 19. Qc4 {[%clk 1:06:21]} Nec7
{[%clk 0:36:25]} 20. d4 {[%clk 1:05:41]} cxd4 {[%clk 0:33:12]} 21. Qxd4+
{[%clk 1:05:40]} Qf6 {[%clk 0:32:54]} 22. Qxf6+ {[%clk 1:05:14]} Kxf6
{[%clk 0:32:09]} 23. Rfc1 {[%clk 1:03:54]} Red8 {[%clk 0:31:22]} 24. Rc2
{[%clk 1:01:32]} Ne6 {[%clk 0:29:46]} 25. Rac1 {[%clk 0:56:31]} Nc5
{[%clk 0:29:15]} 26. Ne4+ {[%clk 0:56:43]} Nxe4 {[%clk 0:29:24]} 27. Bxe4
{[%clk 0:57:10]} Nc7 {[%clk 0:29:35]} 28. a4 {[%clk 0:52:46]} Rd6
{[%clk 0:26:02]} 29. h4 {[%clk 0:51:03]} Rcd8 {[%clk 0:24:25]} 30. Kg2
{[%clk 0:50:30]} h5 {[%clk 0:23:42]} 31. Kf3 {[%clk 0:48:48]} Ke5
{[%clk 0:23:34]} 32. Rc4 {[%clk 0:48:55]} Rd2 {[%clk 0:21:23]} 33. Bc2
{[%clk 0:48:36]} R8d6 {[%clk 0:13:52]} 34. Re4+ {[%clk 0:47:35]} Kf6
{[%clk 0:13:54]} 35. Bb3 {[%clk 0:47:12]} Kg7 {[%clk 0:13:32]} 36. Re7
{[%clk 0:47:09]} Rf6+ {[%clk 0:11:52]} 37. Ke4 {[%clk 0:46:39]} Rb2
{[%clk 0:07:01]} 38. Rxc7 {[%clk 0:40:43]} Rxb3 {[%clk 0:07:23]} 39. Rd7
{[%clk 0:40:08]} Re6+ {[%clk 0:02:49]} 40. Kd4 {[%clk 1:10:14]} Rb4+
{[%clk 0:32:20]} 41. Kd3 {[%clk 1:10:35]} Rb3+ {[%clk 0:26:54]} 42. Ke2
{[%clk 1:10:18]} Rb2+ {[%clk 0:27:02]} 43. Ke1 {[%clk 1:10:06]} Rf6
{[%clk 0:25:12]} 44. f4 {[%clk 1:09:56]} Rb3 {[%clk 0:22:11]} 45. c7
{[%clk 1:07:52]} Re6 {[%clk 0:21:12]} 46. c8=Q {[%clk 1:07:39]} Rexe3+
{[%clk 0:17:40]} 47. Kd2 {[%clk 1:07:49]} Rxg3 {[%clk 0:17:14]} 48. Rxf7+
{[%clk 1:07:39]} 1-0

[Event "World Chess Olympiad 2018"]
[Site "Batumi"]
[Date "2018.10.04"]
[Round "10"]
[Board "2"]
[WhiteFideId "11700777"]
[White "Amini Habibullah"]
[BlackFideId "9001948"]
[Black "Saber Yasser"]
[Result "0-1"]
[LiveChessVersion "1.4.8"]
[BlackElo "2192"]
[WhiteElo "1988"]

1. d4 {[%clk 1:30:43]} d6 {[%clk 1:30:55]} 2. Bf4 {[%clk 1:31:07]} g6
{[%clk 1:31:07]} 3. e3 {[%clk 1:30:57]} Bg7 {[%clk 1:31:32]} 4. Bc4
{[%clk 1:30:44]} Nf6 {[%clk 1:25:10]} 5. h3 {[%clk 1:29:07]} O-O {[%clk 1:25:15]}
6. Nf3 {[%clk 1:29:22]} b6 {[%clk 1:22:46]} 7. O-O {[%clk 1:28:46]} Bb7
{[%clk 1:20:27]} 8. c3 {[%clk 1:28:45]} Nbd7 {[%clk 1:20:27]} 9. Nbd2
{[%clk 1:28:58]} Qe8 {[%clk 1:17:03]} 10. Re1 {[%clk 1:28:01]} e5
{[%clk 1:17:09]} 11. Bh2 {[%clk 1:28:23]} e4 {[%clk 1:16:58]} 12. Nh4
{[%clk 1:28:14]} Qe7 {[%clk 1:15:36]} 13. g4 {[%clk 1:27:47]} Kh8
{[%clk 1:08:06]} 14. Bg3 {[%clk 1:27:10]} h6 {[%clk 1:01:36]} 15. Bf1
{[%clk 1:21:03]} Rae8 {[%clk 0:58:47]} 16. a4 {[%clk 1:18:39]} a6
{[%clk 0:50:23]} 17. b4 {[%clk 0:52:13]} h5 {[%clk 0:39:43]} 18. Be2
{[%clk 0:47:48]} hxg4 {[%clk 0:39:40]} 19. hxg4 {[%clk 0:48:16]} Nh7
{[%clk 0:34:53]} 20. Kg2 {[%clk 0:43:43]} Bf6 {[%clk 0:33:29]} 21. Rh1
{[%clk 0:44:11]} Kg7 {[%clk 0:33:25]} 22. Qb3 {[%clk 0:37:15]} Rh8
{[%clk 0:32:57]} 23. Rh2 {[%clk 0:37:29]} Ng5 {[%clk 0:31:12]} 24. Rah1
{[%clk 0:37:45]} Rh7 {[%clk 0:31:12]} 25. Kf1 {[%clk 0:35:21]} Reh8
{[%clk 0:31:15]} 26. Ng2 {[%clk 0:32:28]} Rxh2 {[%clk 0:25:27]} 27. Rxh2
{[%clk 0:32:56]} Nf3 {[%clk 0:24:47]} 28. Bxf3 {[%clk 0:32:56]} exf3
{[%clk 0:23:34]} 29. Ne1 {[%clk 0:33:15]} Bh4 {[%clk 0:20:33]} 30. Bxh4
{[%clk 0:13:52]} Rxh4 {[%clk 0:21:01]} 31. Ndxf3 {[%clk 0:14:20]} Rxh2
{[%clk 0:20:46]} 32. Nxh2 {[%clk 0:14:49]} Qh4 {[%clk 0:19:31]} 33. Kg1
{[%clk 0:13:40]} Qh3 {[%clk 0:15:18]} 34. Qd1 {[%clk 0:12:52]} Nf6
{[%clk 0:15:21]} 35. f3 {[%clk 0:12:20]} Qg3+ {[%clk 0:13:16]} 36. Kh1
{[%clk 0:12:40]} Nxg4 {[%clk 0:11:01]} 37. Nxg4 {[%clk 0:13:09]} Qxg4
{[%clk 0:11:16]} 38. e4 {[%clk 0:12:36]} Bxe4 {[%clk 0:11:25]} 39. fxe4
{[%clk 0:13:02]} Qxd1 {[%clk 0:11:34]} 0-1

[Event "World Chess Olympiad 2018"]
[Site "Batumi"]
[Date "2018.10.04"]
[Round "10"]
[Board "3"]
[WhiteFideId "9000720"]
[White "Aithmidou Mohamed-Mehdi"]
[BlackFideId "11701137"]
[Black "Sulaiman Ahmad Ashrafi"]
[Result "0-1"]
[LiveChessVersion "1.4.8"]
[BlackElo "1908"]
[WhiteElo "2244"]

1. e4 {[%clk 1:30:32]} e6 {[%clk 1:30:51]} 2. d4 {[%clk 1:30:56]} d5
{[%clk 1:31:16]} 3. exd5 {[%clk 1:29:54]} exd5 {[%clk 1:31:37]} 4. c4
{[%clk 1:30:15]} Bb4+ {[%clk 1:31:55]} 5. Nc3 {[%clk 1:30:27]} Ne7
{[%clk 1:32:17]} 6. Nf3 {[%clk 1:27:29]} O-O {[%clk 1:32:21]} 7. h3
{[%clk 1:21:05]} Nbc6 {[%clk 1:26:23]} 8. c5 {[%clk 1:10:24]} Bf5
{[%clk 1:04:00]} 9. Be2 {[%clk 1:08:13]} b6 {[%clk 0:56:33]} 10. Be3
{[%clk 1:02:09]} Be4 {[%clk 0:53:38]} 11. cxb6 {[%clk 0:46:17]} Bxc3+
{[%clk 0:50:08]} 12. bxc3 {[%clk 0:46:45]} axb6 {[%clk 0:50:24]} 13. O-O
{[%clk 0:43:55]} Na5 {[%clk 0:45:52]} 14. Nd2 {[%clk 0:40:10]} Bg6
{[%clk 0:45:55]} 15. Bf4 {[%clk 0:34:23]} Nf5 {[%clk 0:44:59]} 16. g3
{[%clk 0:20:44]} Nd6 {[%clk 0:43:55]} 17. h4 {[%clk 0:17:58]} h6 {[%clk 0:43:42]}
18. Re1 {[%clk 0:15:21]} Re8 {[%clk 0:42:12]} 19. Bf3 {[%clk 0:12:15]} Rxe1+
{[%clk 0:40:45]} 20. Qxe1 {[%clk 0:12:44]} c6 {[%clk 0:39:54]} 21. h5
{[%clk 0:12:40]} Bh7 {[%clk 0:39:53]} 22. Qe2 {[%clk 0:05:49]} Ndc4
{[%clk 0:39:31]} 23. Re1 {[%clk 0:05:10]} Nxd2 {[%clk 0:39:28]} 24. Bxd2
{[%clk 0:05:20]} Nc4 {[%clk 0:39:46]} 25. Bf4 {[%clk 0:05:39]} Bf5
{[%clk 0:39:19]} 26. Bc1 {[%clk 0:04:49]} Qd7 {[%clk 0:37:11]} 27. g4
{[%clk 0:04:09]} Be6 {[%clk 0:36:11]} 28. g5 {[%clk 0:04:21]} hxg5
{[%clk 0:35:59]} 29. Bxg5 {[%clk 0:04:22]} Bf5 {[%clk 0:32:41]} 30. Bf4
{[%clk 0:03:20]} Qe6 {[%clk 0:31:00]} 31. Qf1 {[%clk 0:02:46]} Qf6
{[%clk 0:30:26]} 32. Qg2 {[%clk 0:01:15]} Be6 {[%clk 0:27:48]} 33. Bg5
{[%clk 0:00:56]} Qf5 {[%clk 0:28:04]} 34. Kh2 {[%clk 0:00:59]} Rxa2
{[%clk 0:25:38]} 35. h6 {[%clk 0:00:54]} Qg6 {[%clk 0:20:32]} 36. hxg7
{[%clk 0:00:52]} Kxg7 {[%clk 0:20:14]} 37. Rg1 {[%clk 0:00:46]} Ra8
{[%clk 0:19:32]} 38. Bh4 {[%clk 0:00:33]} Qxg2+ {[%clk 0:16:20]} 39. Rxg2+
{[%clk 0:00:50]} Kf8 {[%clk 0:16:35]} 40. Rg1 {[%clk 0:30:39]} Ra3
{[%clk 0:44:29]} 41. Rc1 {[%clk 0:29:51]} b5 {[%clk 0:44:21]} 42. Be2
{[%clk 0:18:44]} Nd6 {[%clk 0:42:10]} 43. Bd3 {[%clk 0:08:16]} b4
{[%clk 0:41:18]} 44. f3 {[%clk 0:08:12]} Rxc3 {[%clk 0:38:37]} 45. Rxc3
{[%clk 0:08:22]} bxc3 {[%clk 0:39:03]} 46. Be1 {[%clk 0:07:43]} Bf5
{[%clk 0:39:27]} 47. Bxf5 {[%clk 0:07:37]} Nxf5 {[%clk 0:39:55]} 48. Bxc3
{[%clk 0:08:01]} Ke7 {[%clk 0:40:00]} 49. Kh3 {[%clk 0:07:16]} Ke6
{[%clk 0:39:14]} 50. Kg4 {[%clk 0:06:45]} Ne7 {[%clk 0:38:40]} 51. Bb4
{[%clk 0:06:20]} Nf5 {[%clk 0:36:05]} 52. Bc5 {[%clk 0:06:29]} Kf6
{[%clk 0:36:17]} 53. Kf4 {[%clk 0:06:06]} Ng7 {[%clk 0:36:19]} 54. Kg4
{[%clk 0:03:00]} Kg6 {[%clk 0:36:02]} 55. Ba7 {[%clk 0:02:33]} Ne6
{[%clk 0:36:08]} 56. Bb6 {[%clk 0:02:43]} f5+ {[%clk 0:36:12]} 57. Kh4
{[%clk 0:02:34]} Kf6 {[%clk 0:35:43]} 58. Ba7 {[%clk 0:01:50]} Nf4
{[%clk 0:32:40]} 59. Bc5 {[%clk 0:01:43]} Ng2+ {[%clk 0:32:21]} 60. Kg3
{[%clk 0:01:30]} Ne1 {[%clk 0:32:41]} 61. Ba3 {[%clk 0:01:33]} Nc2
{[%clk 0:30:21]} 62. Bc5 {[%clk 0:01:32]} Ne3 {[%clk 0:30:12]} 63. Kf4
{[%clk 0:00:41]} Nc4 {[%clk 0:30:10]} 64. Bb4 {[%clk 0:01:01]} Nb6
{[%clk 0:27:37]} 65. Be1 {[%clk 0:00:52]} Nd7 {[%clk 0:27:37]} 66. Bb4
{[%clk 0:00:55]} Ke6 {[%clk 0:27:49]} 67. Kg5 {[%clk 0:00:39]} c5
{[%clk 0:27:02]} 68. dxc5 {[%clk 0:00:50]} Ne5 {[%clk 0:27:28]} 69. f4
{[%clk 0:00:50]} Nc6 {[%clk 0:27:18]} 70. Be1 {[%clk 0:00:49]} d4
{[%clk 0:27:39]} 71. Bd2 {[%clk 0:00:59]} d3 {[%clk 0:27:52]} 72. Bc3
{[%clk 0:01:02]} Nd4 {[%clk 0:28:05]} 73. Kg6 {[%clk 0:01:19]} Kd5
{[%clk 0:26:50]} 74. Kf6 {[%clk 0:01:08]} Kxc5 {[%clk 0:26:36]} 75. Ba5
{[%clk 0:00:34]} Kd5 {[%clk 0:26:38]} 76. Bd2 {[%clk 0:00:39]} Ke4
{[%clk 0:27:03]} 77. Be1 {[%clk 0:00:31]} Nf3 {[%clk 0:27:21]} 78. Bc3
{[%clk 0:00:46]} 0-1

[Event "World Chess Olympiad 2018"]
[Site "Batumi"]
[Date "2018.10.04"]
[Round "10"]
[Board "4"]
[WhiteFideId "11700947"]
[White "Kanz Ahmad Safy"]
[BlackFideId "9000623"]
[Black "Hifad Rachid"]
[Result "1-0"]
[LiveChessVersion "1.4.8"]
[BlackElo "2174"]
[WhiteElo "1826"]

1. e4 {[%clk 1:30:42]} d6 {[%clk 1:29:30]} 2. d4 {[%clk 1:30:35]} g6
{[%clk 1:29:02]} 3. Nc3 {[%clk 1:28:24]} Bg7 {[%clk 1:29:24]} 4. Be3
{[%clk 1:27:26]} c6 {[%clk 1:29:49]} 5. h3 {[%clk 1:26:37]} b5 {[%clk 1:30:00]}
6. Bd3 {[%clk 1:23:26]} Nd7 {[%clk 1:29:53]} 7. Nf3 {[%clk 1:22:14]} a6
{[%clk 1:26:05]} 8. a4 {[%clk 1:21:03]} b4 {[%clk 1:25:18]} 9. Nb1
{[%clk 1:19:40]} Qc7 {[%clk 1:24:24]} 10. a5 {[%clk 1:18:23]} c5 {[%clk 1:24:41]}
11. Nbd2 {[%clk 1:17:42]} Ngf6 {[%clk 1:24:54]} 12. Qe2 {[%clk 1:12:50]} cxd4
{[%clk 1:24:50]} 13. Bxd4 {[%clk 1:12:12]} O-O {[%clk 1:24:09]} 14. O-O
{[%clk 1:11:57]} e5 {[%clk 1:20:05]} 15. Be3 {[%clk 1:10:20]} d5 16. exd5
{[%clk 1:06:23]} Nxd5 {[%clk 1:19:31]} 17. Bc4 {[%clk 1:00:48]} Bb7
{[%clk 1:18:50]} 18. Bb3 {[%clk 0:57:38]} Nc5 {[%clk 1:09:58]} 19. Bxc5
{[%clk 0:55:35]} Qxc5 {[%clk 1:10:22]} 20. Qc4 {[%clk 0:45:18]} Qe7
{[%clk 1:08:24]} 21. Rfe1 {[%clk 0:41:58]} Rfe8 {[%clk 1:03:42]} 22. Rad1
{[%clk 0:31:13]} h6 {[%clk 0:51:15]} 23. Ne4 {[%clk 0:22:26]} Rac8
{[%clk 0:51:21]} 24. Qf1 {[%clk 0:22:19]} Red8 {[%clk 0:42:54]} 25. Rd2
{[%clk 0:17:54]} Nf6 {[%clk 0:34:28]} 26. Rxd8+ {[%clk 0:15:34]} Rxd8
{[%clk 0:34:35]} 27. Nxf6+ {[%clk 0:15:14]} Bxf6 {[%clk 0:35:02]} 28. Qe2
{[%clk 0:15:10]} e4 {[%clk 0:28:29]} 29. Nd2 {[%clk 0:15:17]} Re8
{[%clk 0:28:35]} 30. Nc4 {[%clk 0:14:55]} Kg7 {[%clk 0:25:43]} 31. Rd1
{[%clk 0:12:05]} Rd8 {[%clk 0:24:58]} 32. Re1 {[%clk 0:11:40]} Qc5
{[%clk 0:25:01]} 33. Nd2 {[%clk 0:09:55]} Bd4 {[%clk 0:24:14]} 34. Nc4
{[%clk 0:08:16]} f5 {[%clk 0:24:28]} 35. Rc1 {[%clk 0:07:50]} Bd5
{[%clk 0:19:34]} 36. c3 {[%clk 0:07:57]} bxc3 {[%clk 0:17:01]} 37. bxc3
{[%clk 0:08:18]} Bf6 {[%clk 0:17:25]} 38. Qa2 {[%clk 0:07:52]} Rb8
{[%clk 0:14:20]} 39. Nb6 {[%clk 0:04:06]} Bxb3 {[%clk 0:14:35]} 40. Qxb3
{[%clk 0:34:34]} Qxa5 {[%clk 0:44:49]} 41. Rd1 {[%clk 0:33:55]} Rb7
{[%clk 0:39:55]} 42. Rd7+ {[%clk 0:30:45]} Rxd7 {[%clk 0:40:15]} 43. Nxd7
{[%clk 0:31:09]} Qxc3 {[%clk 0:14:04]} 44. Qe6 {[%clk 0:26:48]} Qd4
{[%clk 0:08:43]} 45. g3 {[%clk 0:21:52]} h5 {[%clk 0:08:15]} 46. h4
{[%clk 0:19:06]} f4 {[%clk 0:05:40]} 47. Qe8 {[%clk 0:09:27]} Qd6
{[%clk 0:05:08]} 48. gxf4 {[%clk 0:09:32]} Qe7 {[%clk 0:02:11]} 49. Nxf6
{[%clk 0:06:06]} Kxf6 {[%clk 0:02:12]} 50. Qc8 {[%clk 0:05:33]} Qd6
{[%clk 0:02:08]} 51. Kg2 {[%clk 0:04:54]} Kg7 {[%clk 0:01:09]} 52. Qb7+
{[%clk 0:04:07]} Kf6 {[%clk 0:01:28]} 53. Qxe4 {[%clk 0:04:09]} Qe6
{[%clk 0:01:29]} 54. Qd4+ {[%clk 0:03:30]} Kf5 {[%clk 0:01:42]} 55. Kg3
{[%clk 0:03:39]} Qb3+ {[%clk 0:01:52]} 56. f3 {[%clk 0:03:27]} Qe6
{[%clk 0:01:50]} 57. Qc3 {[%clk 0:02:44]} Qe2 {[%clk 0:01:18]} 58. Qc8+
{[%clk 0:02:38]} Qe6 {[%clk 0:00:45]} 59. Qf8+ {[%clk 0:02:30]} Qf6
{[%clk 0:01:06]} 60. Qc8+ {[%clk 0:02:04]} Qe6 {[%clk 0:01:31]} 61. Qc3
{[%clk 0:02:22]} Qd6 {[%clk 0:01:29]} 62. Qc4 {[%clk 0:01:54]} Kf6
{[%clk 0:01:43]} 63. Qc3+ {[%clk 0:01:39]} Ke7 {[%clk 0:01:45]} 64. Qg7+
{[%clk 0:02:04]} Kd8 {[%clk 0:02:13]} 65. Qa7 {[%clk 0:02:21]} Qd3
{[%clk 0:00:53]} 66. Qb8+ {[%clk 0:02:19]} Kd7 {[%clk 0:01:12]} 67. Qb6
{[%clk 0:02:32]} Qd6 {[%clk 0:00:37]} 68. Qb7+ {[%clk 0:02:46]} Ke6
{[%clk 0:00:46]} 69. Qe4+ {[%clk 0:02:45]} Kf6 {[%clk 0:01:10]} 70. Qe8
{[%clk 0:02:31]} 1-0